00509nam a2200169Ia 4500008004100000040001900041041001200060082003400072100002100106245005800127260003900185300002100224440002100245504005000266650001300316850001000329131103s9999 xx 000 0 und d aLoreto College aEnglish a379.2/379.24/CIPbLCLIB/18212 aCipolla,Carlo M. aLiteracy and development in the westcCarlo M.Cipolla aHarmondsworthbPenguin Booksc1969 a144 p. c 18 cm. aPelican Original aIncludes bibliographical references and index aLiterary aLCLIB